| 000 | 00607cam a2200217 i 4500 | ||
|---|---|---|---|
| 001 | 2722352 | ||
| 005 | 20250208105607.0 | ||
| 008 | 770830s1977 paua 001 0 eng | ||
| 020 | _a0916730042 | ||
| 050 | 0 | 0 |
_aRC660 _b.M34 |
| 082 | 0 | 0 | _a610.73/6 |
| 245 | 0 | 0 | _aManaging diabetics properly. |
| 260 |
_aHorsham, Pa. : _bIntermed Communications, _cc1977. |
||
| 300 |
_a223 p. : _bill. ; _c24 cm. |
||
| 500 | _aOn spine: Nursing skillbook. | ||
| 500 | _a"Nursing77 books." | ||
| 500 | _aIncludes index. | ||
| 650 | 0 |
_aDiabetes _xNursing. |
|
| 650 | 0 |
_aDiabetes in children _xNursing. |
|
| 942 |
_2lcc _cBK _n0 |
||
| 999 |
_c3651 _d3651 |
||